| 000 | 01112nam0a22003131 4500 | ||
|---|---|---|---|
| 001 | RU\INFOCOMM_327\NLR\5000042251 | ||
| 005 | 20250613111332.0 | ||
| 035 | _a(NLR Aleph) 009586232 | ||
| 090 |
_a9222148 _c9222148 |
||
| 100 | _a20130228d1961 |||y0rusy50 ca | ||
| 101 | 0 | _aeng | |
| 102 | _aRU | ||
| 105 | _ay z ||||| | ||
| 200 | 1 |
_aChirchik-Bozsu multi-purpose scheme _e[The report ... comp. by eng. Moisseev B. Y. and Nikolaev I. K. by the materials of the Inst. "Sredazgidroenergostroi"] _fMin. of agriculture, USSR. The USSR National com. on irrigation and drainage |
|
| 210 |
_aM. _d1961 |
||
| 215 |
_a8 с., 4 л. ил. _cил., схем. _d25 см |
||
| 300 | _aНа обл. авт. не указаны | ||
| 309 | _aЛитогр. | ||
| 620 | _aМосква | ||
| 686 |
_aТ5-180 _2rubbk |
||
| 700 | 1 |
_9z01790 _aMoiseev _bB. |
|
| 701 | 1 |
_aNikolaev _bI. K. |
|
| 712 | 0 | 2 |
_aUSSR national committee on irrigation and drainage _4570 |
| 790 | 1 |
_9z01700 _aMoisseev _bB. Y. _4070 |
|
| 801 | 1 |
_aRU _bInfocomm _c20130228 |
|
| 801 | 0 |
_aRU _bINFOCOMM _gPSBO |
|
| 852 |
_aNLR _jТ25 Г-8/17 |
||
| 942 | _cBOOK | ||
| 980 | _aNB | ||